| 000 | 01630cam a2200313 4500 | ||
|---|---|---|---|
| 001 | ABS62963 | ||
| 008 | 000000n2000 000 0 eng u | ||
| 035 | _a(Sirsi) u109026 | ||
| 100 | _aLewis, S. | ||
| 245 | _aAs bad as all that? | ||
| 260 | _c2000 | ||
| 490 |
_aBuilding _v265(8158) 20 October 2000, 66(1) |
||
| 520 | _aKey public clients have launched procurement initiatives that reflect their stated desires to implement the Latham and Egan proposals. For instance, prime contracting - a contractor-led process - is the MOD's attempt to apply Rethinking Construction. The draft core conditions and summary guidance for the contract were unveiled in May, and can be viewed at www.defence-estates.mod.uk. Defence Estates maintains that it is applying partnering principles to the prime contracting process, but contractors have complained that it transfers too much risk to them. Considers the contents of the prime contract draft, and how far it is "Egan-compliant". Among the conclusions drawn are that: the issue of risk allocation needs to be addressed; more extensive partnering arrangements would be welcomed; the dispute resolution procedure should be reviewed. | ||
| 590 | _aABS | ||
| 650 | _aMOD | ||
| 650 | _aDEFENCE ESTATES | ||
| 650 | _aEGAN REFORMS | ||
| 650 | _aCONSTRUCTION PROCUREMENT | ||
| 650 | _aCOMPLIANCE | ||
| 650 | _aPARTNERING | ||
| 650 |
_aDISPUTE RESOLUTION _96236 |
||
| 650 | _aRISK ALLOCATION | ||
| 650 | _aSUPPLY CHAIN MANAGEMENT | ||
| 650 | _aPRIME CONTRACTING | ||
| 650 | _aPRICING | ||
| 650 | _aBUILDING CONTRACTORS | ||
| 690 |
_aProcurement _96260 |
||
| 942 | _n0 | ||
| 999 |
_c65111 _d65111 |
||